000 00402nam a2200157Ia 4500
003 Ost
005 20260225132538.0
008 260225s9999||||xx |||||||||||||| ||und||
040 _cfsic
041 _afre
082 _a658.4
100 _aDominique beau -sylvian daubel
_eAuteur
245 0 _aStratégie d'entreprise et communication /
245 0 _cDominique beau -sylvian daubel
942 _cكتاب
999 _c33357
_d33357